Adaptation of rubber(Hevea brasiliensis) seedlings to different light levels (Record no. 53787)

MARC details
000 -LEADER
fixed length control field 01962nam a2200157Ia 4500
100 ## - MAIN ENTRY--AUTHOR NAME
Personal name Ruhiyana A
245 #0 - TITLE STATEMENT
Title Adaptation of rubber(Hevea brasiliensis) seedlings to different light levels
260 ## - PUBLICATION, DISTRIBUTION, ETC. (IMPRINT)
Name of publisher Proceedings : Indonesian Rubber Conference and IRRDB symposiun 2000 Indonesian Rubber Research Institute, Bogor, Indonesia, 12-14 September 2000.V.1.pp.113-125.
520 ## - SUMMARY, ETC.
Summary, etc Active rubber inter-planting as well as simple management of naturally occurring regeneration are common in smallholder rubber plantations in Sumatra and provide a way of indefinitely prolonging the life cycle of those plantations. Those permanent forestlike plantations have interesting ecological functions such as being a refuge for biodiversity, providing a permanent soil cover and contributing to the regulation of watercycle. In such systems rubber seedlings grow under much lower light level than in normal plantation conditions where seelings are planted in a open field after slash and burn. The aim of this study was to explore the acclimation potential to low light levels of rubber seedlings and how this acclimation is achieved. This was done by comparing growth and physiological characteristics of seedlings grown under different shading intensities (0;, 55;, 75;and 88;). Parameters measured were photosynthetic response to light intensity (light response curve), leaf chrolophyll content (a and b) and nitrogen content, leaf specific mass, leaf area, stomata density, maximum stomatal conductance, total dry matter accumulation, shoot-root ratio, leaf emission rate and leaf life span. Adaptation of rubber seedling was affected by included changing in the physiological as well as the biochemical and morphological response. The most suitable light intensity for rubber was 0;-55;.
650 ## - SUBJECT ADDED ENTRY--TOPICAL TERM
Topical Term Hevea brasiliensis
650 ## - SUBJECT ADDED ENTRY--TOPICAL TERM
Topical Term Rubber seedlings
700 ## - ADDED ENTRY--PERSONAL NAME
Personal name Supriyanto
700 ## - ADDED ENTRY--PERSONAL NAME
Personal name Vincent G
942 ## - ADDED ENTRY ELEMENTS (KOHA)
Koha item type Journals
Holdings
Withdrawn status Lost status Damaged status Not for loan Home library Current library Shelving location Date acquired Koha item type
      Journals RRII Library RRII Library Physiology 01/01/2021 Journals